<?xml version="1.0" encoding="UTF-8"?><?xml-stylesheet type="text/xsl" href="static/style.xsl"?><OAI-PMH xmlns="http://www.openarchives.org/OAI/2.0/" xmlns:xsi="http://www.w3.org/2001/XMLSchema-instance" xsi:schemaLocation="http://www.openarchives.org/OAI/2.0/ http://www.openarchives.org/OAI/2.0/OAI-PMH.xsd"><responseDate>2026-06-04T04:53:45Z</responseDate><request verb="GetRecord" identifier="oai:recam.amb.cat:20.500.14439/4687" metadataPrefix="marc">https://recam.amb.cat/rest/oai/request</request><GetRecord><record><header><identifier>oai:recam.amb.cat:20.500.14439/4687</identifier><datestamp>2026-04-23T08:57:35Z</datestamp><setSpec>com_20.500.14439_2794</setSpec><setSpec>com_20.500.14439_113</setSpec><setSpec>col_20.500.14439_4201</setSpec></header><metadata><record xmlns="http://www.loc.gov/MARC21/slim" xmlns:dcterms="http://purl.org/dc/terms/" xmlns:xsi="http://www.w3.org/2001/XMLSchema-instance" xmlns:doc="http://www.lyncode.com/xoai" xsi:schemaLocation="http://www.loc.gov/MARC21/slim http://www.loc.gov/standards/marcxml/schema/MARC21slim.xsd">
   <leader>00925njm 22002777a 4500</leader>
   <datafield ind2=" " ind1=" " tag="042">
      <subfield code="a">dc</subfield>
   </datafield>
   <datafield ind2=" " ind1=" " tag="720">
      <subfield code="a">Institut d'Estudis Regionals i Metropolitans de Barcelona</subfield>
      <subfield code="e">author</subfield>
   </datafield>
   <datafield ind2=" " ind1=" " tag="260">
      <subfield code="c">1992-04-01</subfield>
   </datafield>
   <datafield ind2=" " ind1=" " tag="520">
      <subfield code="a">El tema del present quadern és la vertebració del territori metropolità. S'hi analitzen, doncs, les dinàmiques espacials que, a través de processos de concentració/desconcentració i centralització/descentralització, resulten en la formació d'eixos, polaritats i nodalitats en el nostre territori d'estudi. Hom hi estudia, així mateix, la forma com les polítiques urbanístiques condicionen i poden condicionar en el futur l'evolució d'aquests processos.
El quadern consta de quatre articles. En els dos primers, l'economista Joaquim Clusa i l'arquitecte Miquel Roa estudien les dinàmiques d'implantació de les activitats productives i dels serveis en el conjunt del territori metropolità i en el Baix Llobregat, respectivament. En el tercer treball, l'arquitecte Amador Ferrer ofereix un balanç i analitza les perspectives de les polítiques de creació d'àrees de nova centralitat en el municipi de Barcelona. Finalment, en el darrer treball, l'arquitecte Juli Esteban avança diverses propostes per al planejament territorial de la Regio Metropolitana.</subfield>
   </datafield>
   <datafield ind1="8" ind2=" " tag="024">
      <subfield code="a">8488068093</subfield>
   </datafield>
   <datafield ind1="8" ind2=" " tag="024">
      <subfield code="a">https://hdl.handle.net/20.500.14439/4687</subfield>
   </datafield>
   <datafield ind1="8" ind2=" " tag="024">
      <subfield code="a">B 14469-92</subfield>
   </datafield>
   <datafield tag="653" ind2=" " ind1=" ">
      <subfield code="a">Política urbana</subfield>
   </datafield>
   <datafield tag="653" ind2=" " ind1=" ">
      <subfield code="a">Ciutats</subfield>
   </datafield>
   <datafield ind2="0" ind1="0" tag="245">
      <subfield code="a">La vertebració de la ciutat metropolitana. Papers; 12</subfield>
   </datafield>
</record></metadata></record></GetRecord></OAI-PMH>